On secret service. (Record no. 6062)

MARC details
000 -LEADER
fixed length control field 00497cam a22001932 4500
001 - CONTROL NUMBER
control field 0000002861
005 - DATE AND TIME OF LATEST TRANSACTION
control field 20151217151906.0
008 - FIXED-LENGTH DATA ELEMENTS--GENERAL INFORMATION
fixed length control field 070420s xx 000 0 eng d
020 ## - INTERNATIONAL STANDARD BOOK NUMBER
International Standard Book Number 045120400 :
Terms of availability KES 110
040 ## - CATALOGING SOURCE
Original cataloging agency KABU
Transcribing agency KABU
050 #0 - LIBRARY OF CONGRESS CALL NUMBER
Classification number PS3560
Item number .A37O6
100 1# - MAIN ENTRY--PERSONAL NAME
Personal name Jakes, John.
-- 0000152362
245 10 - TITLE STATEMENT
Title On secret service.
260 ## - PUBLICATION, DISTRIBUTION, ETC. (IMPRINT)
Place of publication, distribution, etc. New York :
Name of publisher, distributor, etc. Signet,
Date of publication, distribution, etc. 2000.
300 ## - PHYSICAL DESCRIPTION
Extent 462 p.
908 ## - PUT COMMAND PARAMETER (RLIN)
Put command parameter 070420
950 ## - LOCAL HOLDINGS (RLIN)
-- 1
Holdings
Withdrawn status Lost status Source of classification or shelving scheme Not for loan Home library Current library Date acquired Total Checkouts Full call number Barcode Date last seen Price effective from Koha item type
    Library of Congress Classification   Kabarak, Main Campus Kabarak, Main Campus 17/12/2015   PS3560 .A37O6 004559 17/12/2015 17/12/2015 General Collection
Designed with assistance from East African Informatics Ltd